| 000 | 00515nam a2200193 i 4500 | ||
|---|---|---|---|
| 003 | DO-SdBNP | ||
| 005 | 20230414103521.0 | ||
| 006 | a||||gr|||| 00| 0 | ||
| 007 | ta | ||
| 008 | 230414b2001 dr ab||| |||| 00| 0 spa d | ||
| 040 |
_aDO-SdBNP _bspa _cBNPHU _erda |
||
| 082 | 4 | _222 | |
| 245 | 0 | 0 | _aReglamento de uniformes |
| 264 |
_aSanto Domingo : _bEjercito Nacional, _c2001. |
||
| 300 |
_a259 p. : _bilustraciones y retratos ; _c22 cm. |
||
| 590 | _aInventariado, 2023/BT | ||
| 910 | _aBtavárez | ||
| 942 |
_2ddc _cLBS1 |
||
| 999 |
_c53255 _d53255 |
||